00807nam a22002297a 45000010005000000030006000050050017000110080041000280200018000690400029000870500016001160820010001321000030001422450042001722600051002143000044002655050007003095200192003165210021005085210018005296500030005479509FISKH20260116081818.0260116b cb ||||| |||| 00| 0 eng d a9781404256477 aFISKHbengcFISKHdFISKH aPE1119.O366 a428.6 aO'Donnell, Kerri eAuthor aWhose hat is that? /cKerri O'Donnell aNew York :bThe Rosen Publishing Group ,c2006 a8 pages :bcolor illustrations ;c21 cm aA  aFeaturing high-frequency words, pictures that are tightly correlated to the text, and a charming story, this leveled fiction reader will help emerging readers built early literacy skills.8 a10 bLexile BR 8 aA bRaz-Plus  aNon-fictionvEarly reader